000 01254naa a2200349 c 4500
001 30612
003 ES-MaCES
005 19990719103200.0
008 980721n1998 sp ||| | spa d
035 _aCES19980045638v
040 _aES-MaCES
_bspa
_cES-MaCES
100 1 _aCámara Botía, Alberto
_98792
245 1 3 _aEl Acuerdo de Cobertura de Vacíos
_b: configuración general y reglas sobre estructura profesional y promoción de los trabajadores
_cAlberto Cámara Botía
504 _aBibliografía
630 0 4 _aAcuerto de Cobertura de Vacíos
_d1997
_933096
650 4 _a1997
_930803
650 4 _areforma legislativa
_929892
650 4 _aEspaña
_926964
650 4 _aascenso
_928217
650 4 _atrabajador
_928414
650 4 _aestructura del empleo
_928304
650 4 _aaplicación
_929859
650 4 _aconvenio colectivo
_928361
650 4 _arégimen jurídico
_929894
650 4 _acondiciones de trabajo
_928327
650 4 _anegociación colectiva
_928362
653 1 0 _aRelaciones laborales-Empleo
773 0 _tRevista del Ministerio de Trabajo e Inmigración
_gN. 8 (1998) ; p. 141-153
_w(ES-MaCES)25654
902 _aART Artículo de revista
942 _2CES
_cAR
_h2.0.
999 _c30612
_d30612